Littérature par lettre - D - Statistiques

Statistiques générales
  • Ce quiz a été pris 187 fois
  • Le résultat moyen est 13 sur 20
Statistiques - réponses
Questions Réponses % Correct
Quel philosophe français est le principal rédacteur de l'"Encyclopédie" ? Denis Diderot
96%
Quel romancier français a écrit "Les Trois Mousquetaires" ? Alexandre Dumas
95%
Quel personnage de fiction est la métaphore d'un grand séducteur sans scrupules, toujours en quête d'aventures amoureuses ? Don Juan
87%
Quel fratrie de 4 frères est composée de Joe, Jack, William et Averell ? Les Dalton
87%
Quel roman d'Agatha Christie se nomme désormais "Ils étaient dix" ? Dix petits nègres
85%
Quel personnage de Cervantès est accompagné de Sancho Panza ? Don Quichotte
84%
Quel personnage de Bram Stoker a été inspire par Vlad l'Empaleur ? Dracula
79%
Quel écrivain russe est connu pour avoir écrit "Crimes et Châtiments" ? Fiodor Dostoïevski
74%
Quel écrivain anglais a écrit "Oliver Twist", célèbre vagabond lors de l'époque victorienne ? Charles Dickens
72%
Quel célèbre manga a pour principal personnage Son Goku ? Dragon Ball
71%
Quel écrivain français a composé le recueil des "Lettres de mon moulin", contenant l'histoire de "La Chèvre de Monsieur Seguin" ? Alphonse Daudet
69%
Quel roman de Peter Benchley raconte l'histoire d'un requin chassant dans une station balnéaire, ainsi que de trois hommes cherchant à le tuer ? Les Dents de la mer
65%
Quel roman de Dan Brown parcourt la vie de Robert Langdon, accusé du meurtre de Jacques Saunière ? Da Vinci Code
57%
Quel philosophe français a écrit les "Méditations Métaphysiques" ? René Descartes
56%
Quel roman de John Steinbeck critique les valeurs d'une société américaine profondément individualiste et inégalitaire ? Des Souris et des hommes
47%
Quel fils du romancier (question 7) a écrit "La Dame aux Camélias" ? Alexandre Dumas
44%
Quel roman de Michael Blake a été adapté au cinéma avec Kevin Costner, narrant l'histoire d'un homme pendant la Guerre de Sécession Américaine ? Danse avec les loups
39%
Quelle écrivaine française extravertie a écrit "Savannah Bay" ou encore "Le Ravissement de Lol V Stein" ? Marguerite Duras
39%
Quel écrivain français s'est rendu célèbre pour les "Aventures de San Antonio" ? Frédéric Dard
22%
Quel historien et écrivain français est un des plus grands spécialistes du Moyen-Âge ? Georges Duby
7%
Aucun quiz correspondant
Distribution des résultats
% des personnes avec chaque résultat
Percentile par nombre de réponses
Votre historique - résultats
Vous n’avez pas pris ce quiz